| 000 | 00570nam a2200181Ia 4500 | ||
|---|---|---|---|
| 003 | GCL | ||
| 008 | 140319s9999 xx 000 0 ara d | ||
| 040 |
_aGCL / _cGCL |
||
| 082 | 0 | 4 |
_a928.1 _bم ع |
| 100 | 1 | _aمحمود ادهم | |
| 245 | 1 | 0 |
_aعباس العقاد صحفيا : احاديثه معاركه القلمية - يومياته / _cمحمود ادهم |
| 300 | _a210 ص | ||
| 490 |
_aرواد الصحافة العربية _v0 |
||
| 650 | 0 | 4 | _aالمذكرات |
| 650 | 0 | 4 | _aالصحافة |
| 650 | 0 | 4 | _aعباس محمود العقاد |
| 942 |
_2ddc _cBK |
||
| 999 |
_c41601 _d41601 |
||